| 000 | 00500nam a2200169 i 4500 | ||
|---|---|---|---|
| 001 | 57614 | ||
| 003 | ES-MaACL | ||
| 005 | 20230906163618.0 | ||
| 007 | t| | ||
| 008 | 031017s1972 sp ||||1| spa d | ||
| 100 | 1 |
_aDualde Pérez, Vicente. _945721 |
|
| 245 | 1 | 0 |
_aBiología _b: curso de orientación universitaria / _cVicente Dualde Pérez. |
| 260 |
_aValencia : _bLópez Mezquita, _c[1972] |
||
| 300 |
_a1 v. : _bil. ; _c22 cm. |
||
| 505 | 8 | _aContiene: T. 2 | |
| 852 |
_aES-MaACL _jP-1752 _bR.86154 |
||
| 999 |
_c57614 _d57614 |
||